“拌面”地点数量≥150的地级行政区 Prefectures with ≥150 "Banmian" sites - Statistics

General Stats
  • This quiz has been taken 29 times
  • The average score is 4 of 11
Answer Stats
地级行政区 数量 % Correct
北京 151
96%
西安 361
63%
郑州 320
52%
乌鲁木齐 1418
44%
福州 217
26%
哈尔滨 159
26%
伊犁 367
22%
银川 216
19%
昌吉 416
15%
巴音郭楞 232
7%
塔城 204
7%
No matching quizzes found
Score Distribution
Percent of People with Each Score
Percentile by Number Answered
Your Score History
You have not taken this quiz